Normal view
MARC view
Entry Personal Name
001 - CONTROL NUMBER
- control field: 13666
003 - CONTROL NUMBER IDENTIFIER
- control field: BD-RjUL
005 - DATE AND TIME OF LATEST TRANSACTION
- control field: 20241002115143.0
008 - FIXED-LENGTH DATA ELEMENTS
- fixed length control field: 241002|| aca||aabn | a|a d
040 ## - CATALOGING SOURCE
- Original cataloging agency: BD-RjUL
- Transcribing agency: BD-RjUL
100 ## - HEADING--PERSONAL NAME
- Personal name: Ali, Abul Khair Muhamad Yaqub
670 ## - SOURCE DATA FOUND
- Source citation: Work cat.: (BD-RjUL)84063: Ali, Abul Khair Muhamad Yaqub, Aspects Society and Culture of the Barind 1200-1576 A. D. /, 1981